Statistics for Countries closest to Bahrain

Click here to take the quiz!

General Stats

  • This quiz has been taken 70 times
  • The average score is 13 of 15

Answer Stats

Distance Answer % Correct
16 kmSaudi Arabia
100%
20 kmQatar
98%
186 kmIran
98%
198 kmUnited Arab Emirates
98%
446 kmIraq
98%
556 kmOman
97%
840 kmYemen
95%
329 kmKuwait
92%
1,080 kmPakistan
88%
1,291 kmSyria
88%
1,332 kmTurkey
88%
1,273 kmJordan
86%
1,081 kmAfghanistan
85%
1,295 kmTurkmenistan
69%
1,370 kmAzerbaijan
66%

Score Distribution

Percentile by Number Answered

Percent of People with Each Score

Your Score History

You have not taken this quiz